| 000 | 00698-am-a2200205-a-4500 | ||
|---|---|---|---|
| 001 | 000076130 | ||
| 003 | AM-YEHGA | ||
| 005 | 20250617121753.0 | ||
| 008 | 990317s1988 ru ||||| |||| 00| 0 rus d | ||
| 040 | _aAM-YeHGA | ||
| 041 | 0 | _arus | |
| 100 | 1 | _aТуганаев, Виктор Васильевич | |
| 245 | 1 | 0 |
_aГемерофиты Вятско-Камского междуречья / _cВ.В. Туганаев, А.Н. Пузырев. |
| 260 |
_aСвердловск : _bИзд-во Уральского ун-та, _c1988. |
||
| 300 | _a128 с. | ||
| 650 | 1 | 4 | _aБиология |
| 700 | 1 | _aПузырев, Александр Николаевич | |
| 942 |
_2udc _cBK |
||
| 090 | _c23293 | ||
| 999 |
_c23017 _d23017 |
||